[Event "12th Chennai Open 2020"]
[Site "Chennai"]
[Date "2020.01.25"]
[Round "10.14"]
[White "Karthikeyan, P.."]
[Black "Srihari L R"]
[Result "1-0"]
[WhiteElo "2416"]
[BlackElo "2302"]
[Annotator "TA"]
[PlyCount "85"]
[EventDate "2020.01.19"]
[EventType "swiss"]
[EventCountry "IND"]
[SourceTitle "playchess.com"]
[Source "ChessBase"]
[SourceQuality "1"]

{[%evp 10,85,41,30,47,52,42,12,34,36,27,35,32,38,31,16,16,11,16,16,26,14,29,27,68,59,122,125,112,116,109,121,125,114,122,129,117,125,129,128,134,108,107,103,216,224,400,383,555,550,590,593,876,911,881,884,884,879,941,919,859,880,881,804,1163,1140,2076,1347,1954,1954,1265,1255,5783,1087,29984,29985,29972,5737]} 1. Nf3 d6 2. d4 g6 3. e4 Bg7 4. Bc4 e6 5. Bb3 Ne7 6. O-O O-O {B06: Modern Defence} 7. c3 Nd7 8. Nbd2 b6 {The position is equal.} 9. Re1 Bb7 10. Nf1 Nf6 11. Ng3 c5 12. h4 $146 ({Predecessor:} 12. Bf4 cxd4 13. cxd4 {1-0 (75) Bosiocic,M (2597)-Fercec,N (2451) Mali Losinj 2018}) 12... cxd4 13. Nxd4 d5 {[%cal Rf6e4]} 14. exd5 Bxd5 15. h5 Bxb3 16. axb3 Nfd5 17. Bg5 Bf6 ({Black should play} 17... e5 $1 $14 18. h6 Bh8) 18. Bh6 Re8 19. Qg4 e5 20. Nf3 Qc7 21. Qc4 Rec8 22. Qxc7 Rxc7 23. Nxe5 Bxe5 24. Rxe5 f6 25. Re6 $36 {[%mdl 2048] aiming for c4. White is in control.} Kf7 26. Rd6 g5 (26... Rc6 $16 {is a better defense.} 27. Rd7 Rc7 28. hxg6+ hxg6) 27. Ne4 $18 Rc6 $2 {[#]} (27... Nf5 {was called for.}) 28. Re1 $1 Rac8 (28... f5 {was worth a try.} 29. Nxg5+ Kg8) 29. c4 Nf4 {[#]} 30. Rd7 $1 {Intending Nd6+ and mate.} Nxh5 {Now ...Kg6 and Black clings on.} 31. Nd6+ Rxd6 32. Rexe7+ ({Not} 32. Rxd6 Nc6 $18) 32... Kg6 33. Rxd6 Kxh6 {[%mdl 4096] Endgame KRR-KRN} 34. g4 Nf4 35. Rxf6+ Ng6 36. Rxa7 b5 37. Rff7 {[%csl Ga7][%cal Rf7h7]} Ne5 38. Rxh7+ Kg6 39. Rhc7 Rxc7 40. Rxc7 bxc4 41. bxc4 {Threatens to win with b4.} Nxg4 42. b4 {[%cal Bb2b4,Bb4b5][%mdl 32]} Ne5 43. b5 {Accuracy: White = 71%, Black = 41%.} 1-0

[Event "12th Chennai Open 2020"]
[Site "Chennai"]
[Date "2020.01.25"]
[Round "10.15"]
[White "Ziatdinov, Raset"]
[Black "Sundararajan, Kidambi"]
[Result "1/2-1/2"]
[WhiteElo "2203"]
[BlackElo "2414"]
[Annotator "TA"]
[PlyCount "106"]
[EventDate "2020.01.19"]
[EventType "swiss"]
[EventCountry "IND"]
[SourceTitle "playchess.com"]
[Source "ChessBase"]
[SourceQuality "1"]

{[%evp 13,106,34,39,22,39,22,25,27,53,0,40,33,55,-5,-5,-5,-5,-5,-2,-8,-8,-6,-6,-5,-5,-35,0,-8,2,0,0,0,10,6,16,0,0,0,0,0,0,0,41,32,34,23,27,16,68,68,79,67,82,79,77,0,0,0,0,0,2,0,0,0,28,0,0,0,29,29,29,29,29,29,31,31,35,35,35,35,35,35,35,35,35,35,35,35,35,35,35,35,59,59,98]} 1. e4 g6 2. d4 Bg7 3. Nf3 d6 4. Nc3 Nf6 5. Be2 O-O 6. O-O Nc6 7. d5 Nb8 8. Bf4 {B08: Pirc Defence: Classical System} (8. Re1 e5 9. dxe6 Bxe6 10. Bf4 Nc6 11. Qd2 d5 12. exd5 Nxd5 13. Nxd5 Qxd5 14. c3 Qa5 15. a4 Rad8 16. Qe3 Ne7 17. Bg5 Rfe8 {½-½ (65) Vachier Lagrave,M (2780)-Smirin,I (2607) Moscow 2019}) 8... Bg4 9. h3 Bxf3 10. Bxf3 {White has an edge.} Nbd7 11. g4 $146 (11. a4 $14) ({Predecessor:} 11. Qd2 Re8 12. Rad1 a6 13. g4 Kh8 14. Kg2 {1-0 (63) Quparadze,G (2381)-Paichadze,L (2171) Tbilisi 2006}) 11... Ne5 12. Bg2 c6 13. Bxe5 ({White should try} 13. b3 $14) 13... dxe5 $11 14. dxc6 bxc6 15. Qxd8 Rfxd8 16. Rfd1 h5 17. Bf3 hxg4 18. hxg4 Rd4 19. Ne2 Rb4 20. b3 a5 21. a3 Rb7 22. Nc3 Bf8 23. Na4 e6 24. Rd3 Nd7 25. Rc3 Rc7 26. Be2 Rb8 27. Kg2 c5 28. Rd1 Nf6 29. Kf3 Nh7 30. Rc4 Nf6 (30... Kg7 $11) 31. Nb2 $14 Nd7 32. Ra4 Ra7 {With the idea ...Nb6.} 33. Nc4 Rba8 34. Rxd7 (34. c3 $16) 34... Rxd7 $11 35. Nb6 {[%mdl 64] [#] Double Attack} Rda7 36. Nxa8 Rxa8 {[%mdl 4096] Endgame KRB-KRB} 37. c3 Be7 38. b4 cxb4 39. cxb4 (39. axb4 {feels hotter.} Rc8 40. bxa5 Rxc3+ 41. Kg2 Bc5 42. Rc4) 39... Bd8 40. bxa5 Rxa5 (40... Bxa5 {is interesting.} 41. Bb5 Kf8 42. g5 Ke7 43. Kg4 Ra7) 41. Rxa5 Bxa5 {KB-KB} 42. Bb5 Kf8 43. Ke2 Ke7 44. Kd3 {White is slightly better.} f5 45. f3 fxg4 46. fxg4 g5 47. Kc4 Kd6 48. Be8 Bd2 49. Kb5 Bc1 50. a4 {[%cal Ba3a4,Ba4a5][%mdl 32]} Be3 51. a5 Kc7 52. Bf7 Kb7 53. Bxe6 Ka7 {Accuracy: White = 67%, Black = 49%.} 1/2-1/2

[Event "12th Chennai Open 2020"]
[Site "Chennai"]
[Date "2020.01.25"]
[Round "10.16"]
[White "Jubin Jimmy"]
[Black "Eraschenkov, Denis"]
[Result "1-0"]
[WhiteElo "2193"]
[BlackElo "2370"]
[Annotator "TA"]
[PlyCount "80"]
[EventDate "2020.01.19"]
[EventType "swiss"]
[EventCountry "IND"]
[SourceTitle "playchess.com"]
[Source "ChessBase"]
[SourceQuality "1"]

{[%evp 21,80,5,7,6,8,26,19,-15,-15,-19,-11,-47,-43,-45,-18,-27,172,159,176,131,169,136,115,97,135,132,406,387,396,389,384,385,491,489,451,358,350,347,359,345,341,334,314,0,290,276,579,591,576,585,580,576,732,708,1854,703,958,951,892,822,5940]} 1. d4 d5 2. c4 dxc4 3. e3 Nf6 4. Nf3 a6 5. a4 e6 6. Bxc4 c5 7. O-O Nc6 8. Nc3 cxd4 9. exd4 Be7 10. Bf4 Nb4 11. Re1 O-O 12. Ne5 {D26: Queen's Gambit Accepted: 4 e3 e6 5 Bxc5 c5 sidelines} b6 (12... Bd7 13. Qb3 Bc6 14. Nxf7 Rxf7 15. Bxe6 Be8 16. Be5 Kf8 17. Re3 a5 18. Rae1 Ra6 19. d5 Bd6 {½-½ (126) Volkov,S (2578)-Nesterov,A (2482) Stockholm 2020}) 13. Bg3 $146 ({Predecessor:} 13. Qf3 Ra7 14. Rad1 Bb7 15. Qh3 Nfd5 16. Bc1 Nxc3 17. bxc3 Nd5 18. Rd3 Bf6 19. Rg3 Ne7 {1-0 (40) Kursova,M (2190)-Zaksaite,S (2097) Chalkidiki 2001}) 13... Kh8 14. Qd2 {The position is equal.} Bb7 15. Rad1 Nfd5 16. f4 Rc8 17. Bb3 g6 18. Ne4 f6 $2 {[#]} (18... Kg8 $11 {and Black has nothing to worry.}) 19. f5 $1 $18 {[%cal Rf5g6]} gxf5 {[#] White must now prevent ...Qe8.} 20. Ng6+ $1 {[%mdl 576] Double Attack} Kg7 ({Reject} 20... hxg6 $6 21. Qh6+ Kg8 22. Qxg6+ Kh8 23. Qh6+ Kg8 24. Bxd5 $11) 21. Nxe7 Qxe7 22. Nd6 {Threatens to win with Nxf5+!} Qd7 23. Nxb7 {[%mdl 64] Strongly threatening Nd6. Overworked Piece} Qxb7 $2 {[%mdl 8192]} (23... Rc6 $16) 24. Bd6 {[%mdl 64] Double Attack} a5 25. Bxf8+ Rxf8 26. Rxe6 f4 27. Rde1 Rd8 28. R6e4 Qd7 29. Qe2 Qf5 30. Bxd5 Nxd5 31. Re7+ Kh6 32. Re4 $2 ({White should play} 32. Re8 $18 Rxe8 33. Qxe8) 32... Qg5 $2 {[%mdl 8192]} (32... Kg7 $1 $11 {and Black stays safe.} 33. Re7+ Kg6) 33. Qf3 Rd6 $2 (33... Qg6 34. Re6 Kg7) 34. Re6 {White is clearly winning.} Rxe6 35. Rxe6 {[%mdl 4096] Endgame KQR-KQN} Qf5 36. Qe4 Qh5 37. h3 Qg5 {[#]} 38. Qe5 (38. h4 $142 $1 Qh5 (38... Qxh4 39. Qxd5) 39. Rd6) 38... Kg6 39. Qxg5+ Kxg5 40. Rd6 Kf5 {Accuracy: White = 72%, Black = 27%.} 1-0

[Event "12th Chennai Open 2020"]
[Site "Chennai"]
[Date "2020.01.25"]
[Round "10.17"]
[White "Saravana, Krishnan P."]
[Black "David, Alberto"]
[Result "1/2-1/2"]
[WhiteElo "2313"]
[BlackElo "2562"]
[Annotator "TA"]
[PlyCount "60"]
[EventDate "2020.01.19"]
[EventType "swiss"]
[EventCountry "IND"]
[SourceTitle "playchess.com"]
[Source "ChessBase"]
[SourceQuality "1"]

{[%evp 9,60,29,23,24,27,15,26,-42,43,41,43,43,43,47,70,43,41,42,93,28,87,73,87,76,145,135,167,0,23,0,13,0,0,0,0,0,0,0,0,0,0,0,0,0,0,0,0,0,0,0,0,0,0]} 1. e4 g6 2. d4 Bg7 3. Nc3 d6 4. Bg5 a6 5. Qd2 b5 6. O-O-O {B06: Modern Defence} Bb7 7. Kb1 Nd7 8. f4 $146 (8. f3 $11) ({Predecessor:} 8. f3 c5 9. Nge2 h6 10. Be3 b4 11. Nd5 e6 12. Ndf4 Qc7 13. Bf2 Ne7 {0-1 (39) Smirnov,A (2306)-Paehtz,E (2440) Jakarta 2013}) 8... Ngf6 (8... c5 $15) 9. e5 $14 b4 10. exf6 exf6 11. Re1+ Kf8 12. Ne4 fxg5 13. fxg5 h6 (13... Bxe4 $14 14. Rxe4 h6) 14. gxh6 ({Much weaker is} 14. Qxb4 Rb8 $15) (14. Bd3 $16) 14... Rxh6 (14... Bxh6 $11 {keeps the balance.} 15. Qxb4 Rb8) 15. Nf3 $16 a5 16. Bd3 Bd5 (16... Nf6 $142) 17. Rhf1 Kg8 18. Neg5 $2 (18. c4 $18 bxc3 19. Nxc3 Bxf3 20. Rxf3) 18... Nf6 19. Qe2 Qd7 {The position is equal.} 20. Bc4 a4 21. Bxd5 Nxd5 22. Nxf7 Qxf7 23. Ng5 Qd7 {[#] Hoping for ...Rf8.} 24. Rf7 Qc8 {Strongly threatening ...Rh5.} 25. Qf3 c6 26. Ree7 Nxe7 {[#]} 27. Rxg7+ $1 {[%mdl 576] Decoy} Kxg7 28. Qf7+ {[%mdl 64] Double Attack} Kh8 29. Qf6+ {[%mdl 64] Double Attack} Kg8 30. Qf7+ Kh8 {Accuracy: White = 60%, Black = 42%.} 1/2-1/2

[Event "12th Chennai Open 2020"]
[Site "Chennai"]
[Date "2020.01.25"]
[Round "10.18"]
[White "Vasquez Schroeder, Rodrigo"]
[Black "Samant Aditya S"]
[Result "1-0"]
[WhiteElo "2487"]
[BlackElo "2296"]
[Annotator "TA"]
[PlyCount "60"]
[EventDate "2020.01.19"]
[EventType "swiss"]
[EventCountry "IND"]
[SourceTitle "playchess.com"]
[Source "ChessBase"]
[SourceQuality "1"]

{[%evp 20,60,56,25,30,27,60,54,60,60,70,72,54,50,50,50,51,53,53,47,55,54,61,52,62,52,59,58,68,55,60,35,43,43,47,57,56,57,66,64,66,46,66]} 1. e4 c5 2. Nf3 d6 3. d4 cxd4 4. Nxd4 Nf6 5. Nc3 Nc6 6. Bg5 Qb6 7. Bxf6 gxf6 8. Nb3 e6 9. Qd2 a6 10. O-O-O Bd7 11. f4 O-O-O {B60: Sicilian: Richter-Rauzer: Unusual Black 6th moves and 6...Bd7 without 7 Qd2} 12. Be2 Rg8 (12... h5 13. Rhf1 Na5 14. Nxa5 Qxa5 15. Rf3 Rg8 16. Qd4 f5 17. exf5 d5 18. Qe5 Qc7 19. Qxc7+ Kxc7 {½-½ (56) Kantans,T (2524)-Naiditsch,A (2702) Antalya 2017}) 13. Bh5 Rg7 14. Kb1 Kb8 15. g3 (15. Rhe1 {feels hotter.} Na5 16. Nxa5 Qxa5 17. g4 Be7 18. Re3) 15... Na5 16. Qd4 {White is slightly better.} Qxd4 17. Nxd4 Rc8 18. Rd3 $146 ({Predecessor:} 18. f5) 18... Be7 19. Rhd1 Nc6 20. Nb3 Be8 21. a3 Na7 22. Nd4 Nc6 23. Nf3 Na7 24. Re3 Nc6 25. f5 Bd7 26. g4 Kc7 27. h3 Rd8 28. Ne2 Bc8 29. c4 Kb8 30. Nf4 h6 {Accuracy: White = 69%, Black = 46%.} 1-0

[Event "12th Chennai Open 2020"]
[Site "Chennai"]
[Date "2020.01.25"]
[Round "10.19"]
[White "Kunal, M.."]
[Black "Vignesh N R"]
[Result "0-1"]
[WhiteElo "2288"]
[BlackElo "2472"]
[Annotator "TA"]
[PlyCount "116"]
[EventDate "2020.01.19"]
[EventType "swiss"]
[EventCountry "IND"]
[SourceTitle "playchess.com"]
[Source "ChessBase"]
[SourceQuality "1"]

{[%evp 9,116,-4,17,0,23,0,0,0,0,0,6,-13,-14,-14,-7,-10,-10,-13,-13,-15,-6,-12,-10,-21,-22,-35,-36,-34,-31,-52,0,-51,-47,-59,-60,-58,-58,-59,-55,-72,-75,-97,-98,-96,-89,-85,-20,-72,-79,-106,-104,-112,-82,-69,-63,-79,-79,-53,-53,-77,-68,-240,-240,-230,-232,-410,-376,-276,-99,-652,-652,-652,-652,-652,-632,-583,-546,-456,-456,-1116,-1109,-1109,-1102,-1102,-1095,-1080,-1087,-1087,-1080,-1080,-1073,-1073,-1073,-1029,-1006,-993,-993,-993,-993,-755,-748,-895,-887,-873,-847,-847,-746,-414,-381]} 1. e4 c5 2. Nf3 d6 3. Nc3 Nf6 4. e5 dxe5 5. Nxe5 e6 6. g3 {B50: Sicilian: 2...d6, Miscellaneous} (6. Bb5+ Bd7 7. Nxd7 Nbxd7 8. O-O a6 9. Be2 Qc7 10. d4 Bd6 11. g3 cxd4 12. Qxd4 O-O 13. Ne4 Be5 14. Nxf6+ Bxf6 {1-0 (73) Vitiugov,N (2719)-Van Foreest,J (2614) St Petersburg 2018}) 6... Nbd7 (6... Qc7 {is more complex.} 7. f4 Nbd7 8. Nc4 Nb6 9. Ne5 Nbd7) 7. Nxd7 (7. Nc4 {looks sharper.} Nb6 8. b3 Be7 9. Bg2 Nfd5 10. Bb2) 7... Bxd7 8. Bg2 {The position is equal.} Qb6 9. d3 $146 ({Predecessor:} 9. O-O Bc6 10. Bf3 Be7 11. d3 Rd8 12. Qe2 O-O {0-1 (27) Eikelboom,B (2188)-Van Delft,M (2320) Dieren 2000}) 9... Be7 10. Qe2 Bc6 11. O-O Bxg2 12. Kxg2 O-O 13. b3 Nd7 14. Bb2 Bf6 15. a4 Qc6+ 16. Kg1 (16. Qe4 {with more complications.} Qc8 17. Nd1 b6 18. f4 Bxb2 19. Nxb2 Qc7 20. Nc4) 16... Bd4 {Strongly threatening ...f5.} 17. Qe4 Qxe4 18. dxe4 Rfd8 19. Kg2 c4 (19... Nb8 $15) 20. Rfd1 (20. b4 $11) 20... Bxc3 $15 21. Bxc3 cxb3 22. cxb3 Nc5 23. b4 Nxe4 24. Bd4 Rd5 {Threatens to win with ...Rad8.} 25. Be3 Rxd1 26. Rxd1 $17 {[%mdl 4096] Endgame KRB-KRN} Nf6 $1 27. b5 b6 (27... h5 $17) 28. a5 (28. Rd6 $1 $11 {keeps the balance.}) 28... Nd5 ({Inferior is} 28... bxa5 29. Bxa7 $1 {[%mdl 512]} Nd5 30. b6 $16) 29. axb6 axb6 30. Rc1 Nxe3+ 31. fxe3 {KR-KR} Ra2+ 32. Kf3 {[%cal Rc1c8]} h5 33. Rc6 Rxh2 34. Rxb6 g5 35. Rb8+ $2 (35. Rc6 $15) 35... Kg7 $19 36. b6 Rb2 37. b7 $2 (37. e4 {was necessary.}) 37... g4+ 38. Kf4 {[#]} Kf6 $2 (38... f6 $1 $19 39. Ke4 Rb1) 39. Rh8 $2 {[%mdl 8192]} (39. Ke4 $17) 39... Rb4+ 40. e4 e5+ 41. Ke3 Rxb7 42. Rxh5 Rb3+ 43. Kf2 Rf3+ 44. Ke2 (44. Kg2 $142 Re3 45. Rh8) 44... Rxg3 45. Rf5+ Ke6 46. Rg5 Rf3 47. Rg8 Kf6 48. Kd2 Rf4 49. Ke3 Ke7 50. Rg5 f6 51. Rg7+ Kf8 52. Ra7 Rf3+ 53. Ke2 Rb3 54. Kf2 g3+ 55. Kg2 Re3 56. Kh3 Rxe4 57. Kxg3 Rd4 58. Kf3 Ke8 {Accuracy: White = 25%, Black = 77%.} 0-1